LEADER 01343nam a2200277 i 4500 001 991003197519707536 008 050621s2004 it 0 ita d 020 $a8814109419 035 $ab13647210-39ule_inst 040 $aSet. Economia - SAGA$bita 082 0 $a346.4502302632 082 04$a344.4506 110 1 $aItalia$0423419 245 10$aCodice degli appalti di lavori pubblici :$bannotato con giurisprudenza, determinazioni dell'autorità di vigilanza LL.PP e riferimenti bibliografici /$cRoberto Garofoli, Valerio De Gioia 260 $aMilano :$bGiuffrè?,$c2004 300 $a2 v. (xii, 3154 p.) ;$c24 cm 650 4$aLavori pubblici$xAppalti$xLegislazione 700 1 $aGarofoli, Roberto$eauthor$4http://id.loc.gov/vocabulary/relators/aut$0415495 700 1 $aDe Gioia, Valerio$eauthor$4http://id.loc.gov/vocabulary/relators/aut$0269086 907 $a.b13647210$b02-04-14$c18-01-08 912 $a991003197519707536 945 $aLE025 ECO 344 GAR02.01$cV. 1$g1$i2025000215061$lle025$n2008$o-$pE100.00$q-$rn$so $t0$u1$v0$w1$x0$y.i1465314x$z18-01-08 945 $aLE025 ECO 344 GAR02.01$cV. 2$g1$i2025000215078$lle025$n2008$o-$pE100.00$q-$rn$so $t0$u0$v0$w0$x0$y.i14653175$z18-01-08 996 $aCodice degli appalti di lavori pubblici$93371162 997 $aUNISALENTO 998 $ale025$b18-01-08$cm$da $e-$fita$git $h0$i0 LEADER 04008nam 22008173 450 001 9910987991203321 005 20250313080342.0 010 $a9783839474372 010 $a383947437X 024 7 $a10.1515/9783839474372 035 $a(CKB)37802350600041 035 $a(MiAaPQ)EBC31953945 035 $a(Au-PeEL)EBL31953945 035 $a(DE-B1597)703932 035 $a(DE-B1597)9783839474372 035 $a(OCoLC)1506097782 035 $a(ScCtBLL)9d6f1cac-f75c-41a3-856e-813f9da0e464 035 $a(EXLCZ)9937802350600041 100 $a20250313d2025 uy 0 101 0 $ager 135 $aur||||||||||| 181 $ctxt$2rdacontent 182 $cc$2rdamedia 183 $acr$2rdacarrier 200 10$aApokalypse und Apathie $eHandlungs(un)fähigkeiten in der Klimakrise 205 $a1st ed. 210 1$aBielefeld :$ctranscript Verlag,$d2025. 210 4$d©2025. 215 $a1 online resource (0 pages) 225 0 $aClimates - Cultures - Contexts ;$v1 311 08$a9783837674378 311 08$a3837674371 327 $tFrontmatter -- $tEditorial -- $tInhalt -- $tClimates ? Cultures ? Contexts -- $tVorwort -- $tÜber Leben, Überleben und Zusammenleben im Anthropozän -- $t»Fact is that we know and do nothing« -- $t»Da geht es um alles oder nichts« -- $tBrennen und brennen lassen -- $tClimate Crisis and the Political -- $tParticipatory Speculative Design -- $tKlimakrise, Bildung, Öffentlichkeit -- $tVon der Apathie der Vernunft zur Klimakatastrophe -- $tDie Hölle ist hier -- $tWeltuntergangshoffnung! -- $t?In welcher Katastrophe leben wir eigentlich?? -- $tZwischen Apokalypseblindheit und Warnbildern -- $tDas Überleben, das immer auf das Ende wartet1 -- $tGaia-Glottie -- $tArgumentationsstrategien in Katastrophenmythen -- $t»Let?s wait for all this to blow over!« -- $tStories of Futures, Stories of Selves -- $tKlima in der Musik ? Musik für das Klima -- $tHopepunk -- $t»The birds are not birds the trees are not trees and I am not me.« -- $tGlossar -- $tDanksagung -- $tAutor*innen 330 $aDie Klimakrise prägt den öffentlichen Diskurs seit Jahrzehnten. Expert*innen und Extremwetterlagen weisen auf die potenziell apokalyptischen Konsequenzen hin, doch ein gesamtgesellschaftliches Handeln im notwendigen Maße findet nicht statt. Letztlich übersteigt die Krise unseren zeitlichen und räumlichen Erfahrungshorizont und eine rein faktenbasierte Vermittlung scheint nicht auszureichen, um Überforderung und Resignation angemessen zu begegnen. Daher loten die Beiträger*innen aus den Geistes-, Kultur- und Sozialwissenschaften neue Darstellungs- sowie Vermittlungsformen aus, um die Klimakrise als vielfältig verwobenen Problemkomplex zu erfassen ? und machen sichtbar, wie darin mögliche Weltuntergänge, Akteur*innen und ihre Möglichkeiten verhandelt werden. 606 $aSOCIAL SCIENCE / Popular Culture$2bisacsh 610 $aAgency. 610 $aApathie. 610 $aApathy. 610 $aApokalypse. 610 $aClimate Crisis. 610 $aCultural History. 610 $aCultural Studies. 610 $aCulture. 610 $aEcology. 610 $aEnd of the World. 610 $aHandlungsfähigkeit. 610 $aKlimakrise. 610 $aKultur. 610 $aKulturgeschichte. 610 $aKulturwissenschaft. 610 $aNachhaltigkeit. 610 $aNatur. 610 $aNature. 610 $aOverload. 610 $aResignation. 610 $aSustainability. 610 $aWeltuntergang. 610 $aÖkologie. 610 $aÜberforderung. 615 7$aSOCIAL SCIENCE / Popular Culture. 700 $aBöhnert$b Martin$01800750 701 $aHornisch$b Maria$01800751 701 $aRink$b Annika$01800752 701 $aArndt$b Maria$01782233 801 0$bMiAaPQ 801 1$bMiAaPQ 801 2$bMiAaPQ 906 $aBOOK 912 $a9910987991203321 996 $aApokalypse und Apathie$94345681 997 $aUNINA